000
00306nam a2200121Ia 4500
008
190216s9999||||xx |||||||||||||| ||und||
100
_a
Vasishtha A R Gupta Rk Singhal Sr
245
0
_a
Text Book On Mechanics
260
_b
Krishna Prakasan Mandir
_c
1994
300
_a
122
650
_a
Physics
942
_c
BK
999
_c
33245
_d
33245